Prussian Rulers - with Picture - Statistics

General Stats
  • This quiz has been taken 98 times
  • The average score is 9 of 10
Answer Stats
Picture Hint Answer % Correct
Der Reisekaiser
Travelling Emperor
Wilhelm II.
100%
Alter Fritz
Old Fred
Friedrich II.
97%
Kartätschenprinz
Canistershot-Prince
Wilhelm I.
90%
99-Tage-Kaiser
Emperor for 99 Days
Friedrich III.
88%
Schiefer Fritz
Crooked Fred
Friedrich I.
87%
der Soldatenkönig
Soldierking
Friedrich Wilhelm I.
85%
Der dicke Lüderjahn
Fat Good-for-Nothing
Friedrich Wilhelm II.
83%
der Gerechte
the fair
Friedrich Wilhelm III.
79%
Romantiker auf dem Thron
Romanticist on the throne
Friedrich Wilhelm IV.
78%
der große Kurfürst
the Great Elector
Friedrich Wilhelm
76%
No matching quizzes found
Score Distribution
Percent of People with Each Score
Percentile by Number Answered
Your Score History
You have not taken this quiz